| 000 | 01010nam a2200277 4500 | ||
|---|---|---|---|
| 001 | 179040 | ||
| 003 | ES-MaACL | ||
| 005 | 20250819061321.0 | ||
| 008 | 110823s2009 sp |||| | spa d | ||
| 020 | _a978-84-96584-31-0 | ||
| 080 | _a329.23(063) | ||
| 245 | 0 | 1 |
_a¿Qué República? / _cXabi Puerta [coord.] ; Alfonso Sastre, Arnaldo Otegi, Alizia Stürtze ... [et al.]. |
| 246 | 3 | 8 | _aASKEncuentros 2008 |
| 260 |
_aHondarribia [Guipúzcoa] : _bHiru, _c2009. |
||
| 300 |
_a113 p. ; _c19 cm. |
||
| 546 | _aTextos en castellano y vasco. | ||
| 650 | 7 |
_aRepublicanismo- _vCongresos y asambleas _2 _9147711 |
|
| 650 | 7 |
_aRepublicanismo- _vCongresos y asambleas _2 _9147711 |
|
| 700 | 1 |
_aPuerta, Xabi. _9147712 |
|
| 700 | 1 |
_aSastre, Alfonso, _d1926- _9103915 |
|
| 700 | 1 |
_aOtegi, Arnaldo. _9147713 |
|
| 700 | 1 |
_aStürtze, Alizia. _9147714 |
|
| 852 |
_aES-MaACL _9185909 _jA-11435 _bR.145934 _cDEPO1 _dOlim: N-4439 |
||
| 942 |
_2udc _cMONOGRAFIA |
||
| 999 |
_c179040 _d179040 |
||